000 00676nas a2200241 4500
001 BR9502239
003 BR-BrBNA
005 20231205093953.0
007 ta
008 230509b bl.|||p| |||| 00| 00por d
040 _aBR-BrBNA
_bpor
_cBiblioteca Nacional de Agricultura
041 _a(Pt)
072 _aH10
100 1 _aJantsch, L.J.
245 1 _aLista dos Mantodeos coletados na ilha de Maraca
650 _aInseto
650 _aBiologia
650 _aDistribuicao Geografica
650 _aRoraima
773 0 _tActa Amazonica (Brazil)
_xISSN 0044-5967
_g(1991), v. 21 p. 123-130
_wBR9502239
909 _a202311
_bLúcia
_c55
_dLúcia Elande
942 _2AGRIS
_n0
_cANA
999 _c141365
_d141365